Countries by National Animals - Statistics

General Stats
  • This quiz has been taken 78 times
    38 since last reset
  • The average score is 9 of 16
Answer Stats
Picture Hint Answer % Correct
Giant Panda China
100%
Bald Eagle United States of America
100%
Eurasian Brown Bear Russia
94%
Bengal Tiger India
91%
Kangaroo Australia
85%
Ring-Tailed Lemur Madagascar
79%
Gallic Rooster France
70%
Masai Lion Kenya
70%
Arabian Oryx United Arab Emirates
45%
Snow Leopard Afghanistan
36%
Flamingo Bahamas
27%
Markhor Pakistan
27%
Gyrfalcon Iceland
21%
Chuuk Flying Fox Micronesia
18%
Carabao Philippines
18%
? Golden Frog Panama
15%
No matching quizzes found
Score Distribution
Percent of People with Each Score
Percentile by Number Answered
Your Score History
You have not taken this quiz since the last reset